<?xml version="1.0" encoding="UTF-8"?>
<record
    xmlns:xsi="http://www.w3.org/2001/XMLSchema-instance"
    xsi:schemaLocation="http://www.loc.gov/MARC21/slim http://www.loc.gov/standards/marcxml/schema/MARC21slim.xsd"
    xmlns="http://www.loc.gov/MARC21/slim">

  <leader>01594nam0a2200325   4500</leader>
  <controlfield tag="001">RU\NLR\bibl\790458</controlfield>
  <controlfield tag="005">20250614122336.0</controlfield>
  <datafield tag="010" ind1=" " ind2=" ">
    <subfield code="a">5-7736-031-5</subfield>
  </datafield>
  <datafield tag="021" ind1=" " ind2=" ">
    <subfield code="a">RU</subfield>
    <subfield code="b">2004-36035</subfield>
    <subfield code="9">1806</subfield>
  </datafield>
  <datafield tag="035" ind1=" " ind2=" ">
    <subfield code="a">(NLR Aleph) 000779703</subfield>
  </datafield>
  <datafield tag="090" ind1=" " ind2=" ">
    <subfield code="a">1054295</subfield>
    <subfield code="c">1054295</subfield>
  </datafield>
  <datafield tag="100" ind1=" " ind2=" ">
    <subfield code="a">20050420d2002    |||y0rusy50      ca</subfield>
  </datafield>
  <datafield tag="101" ind1="0" ind2=" ">
    <subfield code="a">ukr</subfield>
  </datafield>
  <datafield tag="102" ind1=" " ind2=" ">
    <subfield code="a">UA</subfield>
    <subfield code="a">RU</subfield>
  </datafield>
  <datafield tag="105" ind1=" " ind2=" ">
    <subfield code="a">a   |||||||||</subfield>
  </datafield>
  <datafield tag="200" ind1="1" ind2=" ">
    <subfield code="a">&#x412;&#x435;&#x442;&#x435;&#x440;&#x438;&#x43D;&#x430;&#x440;&#x43D;&#x430; &#x441;&#x430;&#x43D;i&#x442;&#x430;&#x440;i&#x44F; i &#x433;i&#x433;i&#x454;&#x43D;&#x430; &#x432; &#x440;&#x438;&#x431;&#x43D;&#x438;&#x446;&#x442;&#x432;i</subfield>
    <subfield code="e">&#x43D;&#x430;&#x432;&#x447;&#x430;&#x43B;&#x44C;&#x43D;&#x438;&#x439; &#x43F;&#x43E;&#x441;i&#x431;&#x43D;&#x438;&#x43A;</subfield>
    <subfield code="e">&#x434;&#x43B;&#x44F; &#x441;&#x442;&#x443;&#x434;&#x435;&#x43D;&#x442;i&#x432; &#x432;&#x438;&#x449;&#x438;&#x445; &#x43D;&#x430;&#x432;&#x447;&#x430;&#x43B;&#x44C;&#x43D;&#x438;&#x445; &#x437;&#x430;&#x43A;&#x43B;&#x430;&#x434;i&#x432; III-IV &#x440;i&#x432;&#x43D;i&#x432; &#x430;&#x43A;&#x440;&#x435;&#x434;&#x438;&#x442;&#x430;&#x446;i&#xEF; &#x437; &#x441;&#x43F;&#x435;&#x446;i&#x430;&#x43B;&#x44C;&#x43D;&#x43E;&#x441;&#x442;i 7.130501 "&#x412;&#x435;&#x442;&#x435;&#x440;&#x438;&#x43D;&#x430;&#x440;&#x43D;&#x430; &#x43C;&#x435;&#x434;&#x438;&#x446;&#x438;&#x43D;&#x430;"</subfield>
    <subfield code="f">&#x41A;.&#x412;. &#x421;&#x435;&#x43A;&#x440;&#x435;&#x442;&#x430;&#x440;&#x44E;&#x43A;, &#x41C;.&#x41C;. &#x414;&#x430;&#x43D;&#x43A;&#x43E;, &#x412;.&#x412;. &#x421;&#x442;&#x438;&#x431;&#x435;&#x43B;&#x44C;</subfield>
    <subfield code="g">&#x41C;-&#x432;&#x43E; &#x430;&#x433;&#x440;&#x430;&#x440;. &#x43F;&#x43E;&#x43B;i&#x442;&#x438;&#x43A;&#x438; &#x423;&#x43A;&#x440;&#x430;&#xEF;&#x43D;&#x438;, &#x41B;&#x44C;&#x432;i&#x432;. &#x434;&#x435;&#x440;&#x436;. &#x430;&#x43A;&#x430;&#x434;. &#x432;&#x435;&#x442;. &#x43C;&#x435;&#x434;&#x438;&#x446;&#x438;&#x43D;&#x44B; i&#x43C;. &#x421;.&#x417;. &#x413;&#x436;&#x438;&#x446;&#x44C;&#x43A;&#x43E;&#x433;&#x43E;</subfield>
  </datafield>
  <datafield tag="210" ind1=" " ind2=" ">
    <subfield code="a">&#x41B;&#x44C;&#x432;i&#x432;</subfield>
    <subfield code="c">[&#x431;.&#x438;.]</subfield>
    <subfield code="a">&#x41C;&#x43E;&#x441;&#x43A;&#x432;&#x430;</subfield>
    <subfield code="c">&#x423;&#x43D;&#x438;&#x432;&#x435;&#x440;&#x441;&#x443;&#x43C; &#x41F;&#x430;&#x431;&#x43B;&#x438;&#x448;&#x438;&#x43D;&#x433;</subfield>
    <subfield code="d">2002</subfield>
  </datafield>
  <datafield tag="215" ind1=" " ind2=" ">
    <subfield code="a">177 &#x441;.</subfield>
    <subfield code="c">&#x438;&#x43B;.</subfield>
    <subfield code="d">20</subfield>
  </datafield>
  <datafield tag="606" ind1="1" ind2=" ">
    <subfield code="a">&#x420;&#x44B;&#x431;&#x43E;&#x432;&#x43E;&#x434;&#x441;&#x442;&#x432;&#x43E;</subfield>
    <subfield code="x">&#x412;&#x435;&#x442;&#x435;&#x440;&#x438;&#x43D;&#x430;&#x440;&#x43D;&#x43E;-&#x441;&#x430;&#x43D;&#x438;&#x442;&#x430;&#x440;&#x43D;&#x44B;&#x435; &#x43F;&#x440;&#x430;&#x432;&#x438;&#x43B;&#x430;</subfield>
    <subfield code="9">1263889</subfield>
    <subfield code="3">RU\NLR\auth\66201691</subfield>
  </datafield>
  <datafield tag="606" ind1="1" ind2=" ">
    <subfield code="a">&#x420;&#x44B;&#x431;&#x43E;&#x432;&#x43E;&#x434;&#x441;&#x442;&#x432;&#x43E;</subfield>
    <subfield code="x">&#x413;&#x438;&#x433;&#x438;&#x435;&#x43D;&#x430; &#x442;&#x440;&#x443;&#x434;&#x430;</subfield>
    <subfield code="9">1599201</subfield>
    <subfield code="3">RU\NLR\auth\66703753</subfield>
  </datafield>
  <datafield tag="686" ind1=" " ind2=" ">
    <subfield code="a">&#x420;124.547</subfield>
  </datafield>
  <datafield tag="686" ind1=" " ind2=" ">
    <subfield code="a">&#x41F;817.25</subfield>
  </datafield>
  <datafield tag="700" ind1=" " ind2="1">
    <subfield code="a">&#x421;&#x435;&#x43A;&#x440;&#x435;&#x442;&#x430;&#x440;&#x44E;&#x43A;</subfield>
    <subfield code="b">&#x41A;. &#x412;.</subfield>
    <subfield code="g">&#x41A;i&#x43C; &#x412;&#x430;&#x441;&#x438;&#x43B;&#x44C;&#x43E;&#x432;&#x438;&#x447;</subfield>
    <subfield code="4">070</subfield>
  </datafield>
  <datafield tag="701" ind1=" " ind2="1">
    <subfield code="a">&#x414;&#x430;&#x43D;&#x43A;&#x43E;</subfield>
    <subfield code="b">&#x41C;. &#x41C;.</subfield>
    <subfield code="4">070</subfield>
  </datafield>
  <datafield tag="701" ind1=" " ind2="1">
    <subfield code="a">&#x421;&#x442;&#x438;&#x431;&#x435;&#x43B;&#x44C;</subfield>
    <subfield code="b">&#x412;. &#x412;.</subfield>
    <subfield code="4">070</subfield>
  </datafield>
  <datafield tag="801" ind1=" " ind2="0">
    <subfield code="a">RU</subfield>
    <subfield code="b">NLR</subfield>
    <subfield code="c">20050420</subfield>
    <subfield code="g">PSBO</subfield>
  </datafield>
  <datafield tag="801" ind1=" " ind2="1">
    <subfield code="a">RU</subfield>
    <subfield code="b">NLR</subfield>
    <subfield code="c">20050420</subfield>
  </datafield>
  <datafield tag="942" ind1=" " ind2=" ">
    <subfield code="c">BOOK</subfield>
  </datafield>
  <datafield tag="980" ind1=" " ind2=" ">
    <subfield code="a">NB</subfield>
  </datafield>
  <datafield tag="995" ind1=" " ind2=" ">
    <subfield code="5">2005-04-20</subfield>
    <subfield code="a">ad</subfield>
    <subfield code="b">NLR01</subfield>
    <subfield code="c">NLR01</subfield>
    <subfield code="e">RF3</subfield>
    <subfield code="f">901443</subfield>
    <subfield code="k">2005-3/10069</subfield>
    <subfield code="o">0</subfield>
    <subfield code="r">BOOK</subfield>
    <subfield code="s">2005310069_</subfield>
  </datafield>
</record>
